000 00677cam a2200169 a 4500
020 _a0669077623
082 0 _a338.91
_bTEC
_cD
245 0 0 _aTechnology, finance, and development :
_ban analysis of the World Bank as a technological institution /
_cedited by Charles Weiss, Nicolas Jéquier.
260 _aLexington, Mass. :
_bLexingtonBooks,
_c1984.
300 _avi, 342 p., [4] p. of plates :
_bill. (some col.) ;
_c24 cm.
526 _a0
_b0
_c0
_d338_910000000000000_TEC
650 0 _aTechnical assistance.
_912483
650 0 _aTechnology transfer
_zDeveloping countries.
_937327
700 1 _aJéquier, Nicolas,
_937328
700 1 _aWeiss, Charles.
_937329
942 _2ddc
_cBK
999 _c542225
_d542225